English today (Record no. 8814)
[ view plain ]
| 000 -LEADER | |
|---|---|
| fixed length control field | 00824cam a2200289 4500 |
| 001 - CONTROL NUMBER | |
| JCCL Control Number | 8814 |
| 003 - CONTROL NUMBER IDENTIFIER | |
| JCCL marc code | BD-JhCC |
| 005 - DATE AND TIME OF LATEST TRANSACTION | |
| control field | 20180304114629.0 |
| 008 - FIXED-LENGTH DATA ELEMENTS--GENERAL INFORMATION | |
| fixed length control field | 720127m19719999at a b 000 0 eng |
| 020 ## - INTERNATIONAL STANDARD BOOK NUMBER | |
| International Standard Book Number | 0471025097 (v. 1) |
| 035 ## - SYSTEM CONTROL NUMBER | |
| system control number | (BD-JhCC) 8814 |
| 040 ## - CATALOGING SOURCE | |
| Original cataloging agency | DLC |
| Transcribing agency | DLC |
| Modifying agency | DLC |
| -- | BD-JhCC |
| 041 ## - LANGUAGE CODE | |
| Language code of Book | eng |
| 050 00 - LIBRARY OF CONGRESS CALL NUMBER | |
| Classification number | PE1121 |
| Item number | .A545 |
| 082 00 - DEWEY DECIMAL CLASSIFICATION NUMBER | |
| Classification number | 428/.2 |
| Author mark and Year | ALL 1999 |
| 100 1# - MAIN ENTRY--PERSONAL NAME | |
| Personal name | Allsopp, F. J. |
| 245 10 - TITLE STATEMENT | |
| Title | English today |
| Statement of responsibility, etc | [by] F. J. Allsopp and O. W. Hunt, with Josephine Blogg. |
| 260 ## - PUBLICATION, DISTRIBUTION, ETC. (IMPRINT) | |
| Place of publication, distribution, etc | Sydney, |
| -- | New York, |
| Name of publisher, distributor, etc | J. Wiley and Sons Australasia |
| Date of publication, distribution, etc | [1971- |
| 300 ## - PHYSICAL DESCRIPTION | |
| Pagination | v. |
| Other physical details | illus. |
| Dimensions | 25 cm. |
| 504 ## - BIBLIOGRAPHY, ETC. NOTE | |
| Bibliography, etc | Includes bibliographies. |
| 650 #0 - SUBJECT ADDED ENTRY--TOPICAL TERM | |
| Topical term or geographic name as entry element | Readers. |
| 650 #0 - SUBJECT ADDED ENTRY--TOPICAL TERM | |
| Topical term or geographic name as entry element | English language |
| General subdivision | Grammar. |
| 700 1# - ADDED ENTRY--PERSONAL NAME | |
| Personal name | Hunt, O. W., |
| 700 1# - ADDED ENTRY--PERSONAL NAME | |
| Personal name | Blogg, Josephine. |
| 942 ## - ADDED ENTRY ELEMENTS (KOHA) | |
| Source of classification or shelving scheme | Dewey Decimal Classification |
| Koha item type | Books |
| Source of classification or shelving scheme | volume number | Damaged status | Not for loan | Home library | Current library | Shelving location | Total Checkouts | Full call number | Barcode | Date last seen | Copy number | Koha item type |
|---|---|---|---|---|---|---|---|---|---|---|---|---|
| Dewey Decimal Classification | V-2 | JCC Rouf Library | JCC Rouf Library | General Stacks | 428/.2 ALL 1999 | 11450 | 03/04/2018 | C - 1 | Books | |||
| Dewey Decimal Classification | V-1 | JCC Rouf Library | JCC Rouf Library | General Stacks | 428/.2 ALL 1999 | 11455 | 03/04/2018 | C - 2 | Books |